<?xml version="1.0" encoding="UTF-8"?>
<record
    xmlns:xsi="http://www.w3.org/2001/XMLSchema-instance"
    xsi:schemaLocation="http://www.loc.gov/MARC21/slim http://www.loc.gov/standards/marcxml/schema/MARC21slim.xsd"
    xmlns="http://www.loc.gov/MARC21/slim">

  <leader>     nam a22     7a 4500</leader>
  <datafield tag="999" ind1=" " ind2=" ">
    <subfield code="c">29479</subfield>
    <subfield code="d">29479</subfield>
  </datafield>
  <controlfield tag="008">180108b        xxu||||| |||| 00| 0 eng d</controlfield>
  <datafield tag="020" ind1=" " ind2=" ">
    <subfield code="a">9780194375986</subfield>
  </datafield>
  <datafield tag="020" ind1=" " ind2=" ">
    <subfield code="a">0194375986</subfield>
  </datafield>
  <datafield tag="050" ind1=" " ind2=" ">
    <subfield code="a">P 129 .A67C66 2003</subfield>
  </datafield>
  <datafield tag="100" ind1=" " ind2=" ">
    <subfield code="a">Cook, Guy.</subfield>
  </datafield>
  <datafield tag="245" ind1=" " ind2=" ">
    <subfield code="a">Applied linguistics /</subfield>
    <subfield code="c">Guy Cook.</subfield>
  </datafield>
  <datafield tag="260" ind1=" " ind2=" ">
    <subfield code="a">NewYork :</subfield>
    <subfield code="b">Oxford,</subfield>
    <subfield code="c">2003.</subfield>
  </datafield>
  <datafield tag="300" ind1=" " ind2=" ">
    <subfield code="a">x,134 p. :</subfield>
    <subfield code="c">20cm.</subfield>
  </datafield>
  <datafield tag="650" ind1=" " ind2=" ">
    <subfield code="a">Applied linguistics.</subfield>
  </datafield>
  <datafield tag="942" ind1=" " ind2=" ">
    <subfield code="2">lcc</subfield>
    <subfield code="c">SH_L_BOOKS</subfield>
    <subfield code="h">P 129 .A67C66 2003</subfield>
    <subfield code="0">2</subfield>
  </datafield>
  <datafield tag="952" ind1=" " ind2=" ">
    <subfield code="0">0</subfield>
    <subfield code="1">0</subfield>
    <subfield code="2">lcc</subfield>
    <subfield code="4">0</subfield>
    <subfield code="7">0</subfield>
    <subfield code="a">MUC</subfield>
    <subfield code="b">MUC</subfield>
    <subfield code="c">SL</subfield>
    <subfield code="d">2018-01-08</subfield>
    <subfield code="e">Purchase (corporate university)</subfield>
    <subfield code="l">1</subfield>
    <subfield code="o">P 129 .A67C66 2003</subfield>
    <subfield code="p">38058</subfield>
    <subfield code="r">2019-06-04</subfield>
    <subfield code="s">2018-12-07</subfield>
    <subfield code="w">2018-01-08</subfield>
    <subfield code="y">SH_L_BOOKS</subfield>
  </datafield>
  <datafield tag="952" ind1=" " ind2=" ">
    <subfield code="0">0</subfield>
    <subfield code="1">0</subfield>
    <subfield code="2">lcc</subfield>
    <subfield code="4">0</subfield>
    <subfield code="7">0</subfield>
    <subfield code="a">MUC</subfield>
    <subfield code="b">MUC</subfield>
    <subfield code="c">SL</subfield>
    <subfield code="d">2018-01-08</subfield>
    <subfield code="e">Purchase (corporate university)</subfield>
    <subfield code="l">2</subfield>
    <subfield code="o">P 129 .A67C66 2003</subfield>
    <subfield code="p">38059</subfield>
    <subfield code="r">2021-09-23</subfield>
    <subfield code="s">2021-09-22</subfield>
    <subfield code="w">2018-01-08</subfield>
    <subfield code="y">SH_L_BOOKS</subfield>
  </datafield>
</record>
